=LDR 00000nam 2200000 4500 =001 INLIS000000000021233 =005 20200220020115 =035 ##$$a 0010-061300000021233 =008 200220################g##########0#ind## =041 ##$$a Ind =082 ##$$a 158.1 =090 ##$$a 158.1, Isn s =100 1#$$a Isnaini, M =245 1#$$a Sukses karena gagal /$c M. Isnaini; editor, Pak Whied =260 ##$$a 2005 :$b Yogyakarta,$c 2005 =300 ##$$a x, 130 hlm ; $c 20 x 12 cm. =650 #4$$a Sukses =850 ##$$a NBPNMAT =084 ##$$a 158.1 ISN s =250 ##$$a cet. 1 =500 ##$$a Bibliografi; hlm. 129-130 =700 #$$a Pak Whied =990 ##$$a 04860486 =990 ##$$a 20700245